<A> review of international large-scale assessments in education assessing component skills and collecting contextual data

Gespeichert in:
Bibliographische Detailangaben
1. Verfasser: Cresswell, John
Körperschaft: Programme for International Student Assessment (OECD)
Weitere Verfasser: Schwantner, Ursula, Waters, Charlotte
Format: Buch
Sprache:Englisch
Veröffentlicht: Paris OECD 2015
Schriftenreihe:PISA
Schlagworte:
Tags: Tag hinzufügen
Keine Tags, Fügen Sie das erste Tag hinzu!

MARC

LEADER 00000nam a2200000 4500
001 0220148
005 20240314123443.9
020 |a 978-92-64-24834-2 
041 0 |a eng 
044 |a FR 
245 1 0 |a <A> review of international large-scale assessments in education  |b assessing component skills and collecting contextual data  |c John Cresswell, Ursula Schwantner, Charlotte Waters 
264 1 |a Paris  |b OECD  |c 2015 
300 |a 239 s. 
490 1 |a PISA 
830 0 |a PISA 
610 2 0 |a vzdelávanie 
610 2 0 |a vzdelanie 
610 2 0 |a školstvo 
610 2 0 |a politika vzdelávania 
610 2 0 |a študenti 
610 2 0 |a zručnosti 
610 2 0 |a vedomosti 
610 2 0 |a zber dát 
610 2 0 |a porovnanie medzinárodné 
100 1 |a Cresswell, John 
700 1 |a Schwantner, Ursula 
700 1 |a Waters, Charlotte 
710 2 |a Programme for International Student Assessment (OECD)